[Event "La Roda op 50th"]
[Site "La Roda"]
[Date "2024.03.31"]
[Round "8"]
[White "Dias, Ricardo Pedro Cruz"]
[Black "Cruz Lledo, Pablo"]
[Result "0-1"]
[WhiteElo "2216"]
[BlackElo "2353"]
[PlyCount "64"]
[EventDate "2024.03.27"]
[EventType "swiss"]
[EventRounds "9"]
[EventCountry "ESP"]
[SourceTitle "CB14_2024"]
[SourceDate "2024.04.01"]
[SourceVersion "1"]
[SourceVersionDate "2024.04.01"]
[SourceQuality "1"]

1. e4 c6 2. d4 d5 3. f3 dxe4 4. fxe4 e5 5. Nf3 Be6 6. c3 Nf6 7. Bd3 Nbd7 8. 0-0 Qb6 9. Kh1 Bd6 10. Qe2 0-0-0 11. Be3 Qc7 12. Na3 Rhe8 13. Qc2 Kb8 14. Rae1 a6 15. Bg1 Bxa2 16. c4 exd4 17. Bxd4 Ng4 18. h3 Nge5 19. Be2 Nf6 20. Bxe5 Bxe5 21. Nxe5 Qxe5 22. Bf3 h5 23. b4 g5 24. Qxa2 g4 25. b5 gxf3 26. gxf3 Rd3 27. bxc6 Qg3 28. Rb1 Rxa3 29. Rxb7+ Kc8 30. Qxa3 Qxh3+ 31. Kg1 Qg3+ 32. Kh1 Qh4+ 0-1

[Event "La Roda op 50th"]
[Site "La Roda"]
[Date "2024.03.27"]
[Round "1"]
[White "Cruz Lledo, Pablo"]
[Black "Garcia Galeote, Lorenzo"]
[Result "1-0"]
[WhiteElo "2353"]
[BlackElo "1860"]
[PlyCount "59"]
[EventDate "2024.03.27"]
[EventType "swiss"]
[EventRounds "9"]
[EventCountry "ESP"]
[SourceTitle "CB14_2024"]
[SourceDate "2024.04.01"]
[SourceVersion "1"]
[SourceVersionDate "2024.04.01"]
[SourceQuality "1"]

1. d4 d5 2. Bf4 Nf6 3. e3 c5 4. c3 Nc6 5. Nd2 Qb6 6. Qb3 c4 7. Qc2 g6 8. e4 Nxe4 9. Nxe4 dxe4 10. Bxc4 Bg7 11. Be3 Na5 12. Be2 Qc7 13. Qxe4 0-0 14. Nf3 Nc4 15. Bf4 e5 16. Nxe5 Nxe5 17. Bxe5 Qe7 18. Qe3 f6 19. Bf4 Qf7 20. 0-0 Re8 21. Qd2 a6 22. Rfe1 Be6 23. b3 g5 24. Bg3 Rac8 25. Rad1 b5 26. d5 Bd7 27. c4 h5 28. Bd6 bxc4 29. bxc4 Bf5 30. c5 1-0

[Event "Titled Tuesday intern op 13th Feb Late"]
[Site "Chess.com INT"]
[Date "2024.02.13"]
[Round "1"]
[White "Cruz Lledo, Pablo"]
[Black "Harish, Neeraj"]
[Result "1-0"]
[WhiteElo "2341"]
[BlackElo "2090"]
[PlyCount "73"]
[EventDate "2024.02.13"]
[EventType "swiss (blitz)"]
[EventRounds "11"]
[EventCountry "USA"]
[SourceTitle "CB08_2024"]
[SourceDate "2024.02.21"]
[SourceVersion "1"]
[SourceVersionDate "2024.02.21"]
[SourceQuality "1"]

1. Nc3 d5 2. d4 Nf6 3. Bf4 c5 4. e3 cxd4 5. exd4 Bg4 6. f3 Bd7 7. Bd3 Nc6 8. Nge2 Nb4 9. 0-0 Nxd3 10. Qxd3 e6 11. Be5 Be7 12. f4 0-0 13. Ng3 Rc8 14. f5 Qb6 15. Rab1 Rc4 16. fxe6 Bxe6 17. Nce2 Ng4 18. Bf4 Bf6 19. c3 g6 20. h3 h5 21. hxg4 h4 22. Nf5 gxf5 23. gxf5 Bd7 24. Kh1 Kg7 25. Be5 Rh8 26. Nf4 Bxe5 27. dxe5 Qh6 28. Nh3 Rg4 29. Rbe1 Kf8 30. e6 Bc6 31. e7+ Ke8 32. Qf3 Rhg8 33. Rf2 d4 34. Qd1 Bxg2+ 35. Rxg2 Rxg2 36. Qxd4 Qd2 37. Qa4+ 1-0

[Event "Titled Tuesday intern op 13th Feb Late"]
[Site "Chess.com INT"]
[Date "2024.02.13"]
[Round "6"]
[White "Cruz Lledo, Pablo"]
[Black "Jarocka, Liwia"]
[Result "1-0"]
[WhiteElo "2341"]
[BlackElo "2199"]
[PlyCount "103"]
[EventDate "2024.02.13"]
[EventType "swiss (blitz)"]
[EventRounds "11"]
[EventCountry "USA"]
[SourceTitle "CB08_2024"]
[SourceDate "2024.02.21"]
[SourceVersion "1"]
[SourceVersionDate "2024.02.21"]
[SourceQuality "1"]

1. e4 c5 2. Nf3 d6 3. Bb5+ Bd7 4. Bxd7+ Nxd7 5. 0-0 g6 6. c3 Bg7 7. d4 cxd4 8. cxd4 e6 9. Nc3 Ne7 10. Bf4 e5 11. dxe5 dxe5 12. Bg3 0-0 13. Nd5 Nc6 14. Rc1 Rc8 15. Qb3 Nb6 16. Nxb6 Qxb6 17. Qxb6 axb6 18. Rfd1 Rfd8 19. Rd5 f6 20. Nd2 Ra8 21. a3 Bf8 22. Nc4 Bc5 23. Kf1 Bd4 24. f4 exf4 25. Bxf4 Ne5 26. Rd1 Rxd5 27. exd5 Nxc4 28. Rxd4 b5 29. d6 Rd8 30. d7 Ne5 31. Bxe5 fxe5 32. Rd5 b4 33. axb4 Kf7 34. Rxe5 Rxd7 35. Rb5 Kg7 36. h4 h5 37. Ke2 Kh6 38. Ke3 Rc7 39. g3 Rd7 40. Ke4 Rc7 41. Kd5 Rc2 42. Rxb7 Rxb2 43. b5 Rb3 44. b6 Rxg3 45. Re7 Rb3 46. b7 g5 47. Kc5 gxh4 48. Re6+ Kg5 49. Rb6 Rc3+ 50. Kd4 h3 51. Kxc3 h2 52. Rb1 1-0

[Event "Titled Tuesday intern op 13th Feb Late"]
[Site "Chess.com INT"]
[Date "2024.02.13"]
[Round "3"]
[White "Kamsky, Gata"]
[Black "Cruz Lledo, Pablo"]
[Result "1-0"]
[WhiteElo "2623"]
[BlackElo "2341"]
[PlyCount "131"]
[EventDate "2024.02.13"]
[EventType "swiss (blitz)"]
[EventRounds "11"]
[EventCountry "USA"]
[SourceTitle "CB08_2024"]
[SourceDate "2024.02.21"]
[SourceVersion "1"]
[SourceVersionDate "2024.02.21"]
[SourceQuality "1"]

1. d4 d5 2. Bf4 c6 3. e3 Bf5 4. c4 e6 5. Nc3 Nd7 6. Qb3 Qb6 7. c5 Qxb3 8. axb3 a6 9. b4 Rc8 10. Nf3 h6 11. Nd2 g5 12. Bg3 Bg7 13. Nb3 e5 14. Na5 Rc7 15. b5 axb5 16. Bxb5 Ne7 17. Be2 0-0 18. 0-0 Be6 19. Rfd1 f5 20. f4 gxf4 21. exf4 exd4 22. Na4 d3 23. Bxd3 d4 24. Re1 Kf7 25. Nc4 Bxc4 26. Bxc4+ Nd5 27. Bf2 Ra8 28. b4 Kf8 29. Bxd5 cxd5 30. Nb2 Rxa1 31. Rxa1 b6 32. cxb6 Nxb6 33. Nd3 Nc4 34. Nc5 Kf7 35. Ra2 Nd6 36. Kf1 Ne4 37. Nd3 Rb7 38. Ra5 Nc3 39. g3 Bf6 40. Ra6 Ne4 41. Be1 Nc3 42. h3 h5 43. Bf2 Ne4 44. Be1 Nc3 45. Kg2 Ne4 46. Kf3 Nc3 47. g4 hxg4+ 48. hxg4 fxg4+ 49. Kxg4 Ne4 50. Kf5 Rd7 51. Ne5+ Bxe5 52. fxe5 Rb7 53. e6+ Ke8 54. Ke5 d3 55. Kxd5 d2 56. Bxd2 Nxd2 57. Kd6 Rb8 58. b5 Nc4+ 59. Kc5 Ne5 60. b6 Ke7 61. Kd5 Nd3 62. Ra7+ Kf6 63. Rf7+ Kg6 64. b7 Nf4+ 65. Rxf4 Rxb7 66. Kc6 1-0

[Event "Titled Tuesday intern op 06th Feb Late"]
[Site "Chess.com INT"]
[Date "2024.02.06"]
[Round "3"]
[White "Ai, Evan Zihao"]
[Black "Cruz Lledo, Pablo"]
[Result "1-0"]
[WhiteElo "2188"]
[BlackElo "2341"]
[PlyCount "75"]
[EventDate "2024.02.06"]
[EventType "swiss (blitz)"]
[EventRounds "11"]
[EventCountry "USA"]
[SourceTitle "CB07_2024"]
[SourceDate "2024.02.14"]
[SourceVersion "1"]
[SourceVersionDate "2024.02.14"]
[SourceQuality "1"]

1. d4 Nf6 2. Nc3 d5 3. Bf4 c6 4. e3 Qb6 5. b3 Bf5 6. Bd3 e6 7. Bxf5 exf5 8. Nge2 Nbd7 9. 0-0 Ba3 10. Na4 Qa5 11. c4 0-0 12. Rb1 Rfe8 13. Qc2 g6 14. h3 Ne4 15. Rfd1 Rac8 16. Nac3 Bb4 17. Nxe4 fxe4 18. a3 Bf8 19. Ra1 b5 20. b4 Qd8 21. c5 f5 22. a4 a6 23. axb5 axb5 24. Ra7 g5 25. Bh2 Re7 26. Ng3 Rf7 27. Rda1 f4 28. exf4 gxf4 29. Nh5 f3 30. Qd2 Qh4 31. Ng3 fxg2 32. Ra8 Rxa8 33. Rxa8 Qxh3 34. Qg5+ Kh8 35. Nh5 Qe6 36. Be5+ Nxe5 37. Rxf8+ Rxf8 38. Qg7# 1-0

[Event "Titled Tuesday intern op 06th Feb Late"]
[Site "Chess.com INT"]
[Date "2024.02.06"]
[Round "4"]
[White "Cruz Lledo, Pablo"]
[Black "Melikhov, Evgeny V"]
[Result "1-0"]
[WhiteElo "2341"]
[BlackElo "2172"]
[PlyCount "85"]
[EventDate "2024.02.06"]
[EventType "swiss (blitz)"]
[EventRounds "11"]
[EventCountry "USA"]
[SourceTitle "CB07_2024"]
[SourceDate "2024.02.14"]
[SourceVersion "1"]
[SourceVersionDate "2024.02.14"]
[SourceQuality "1"]

1. e4 e5 2. Nf3 Nc6 3. Bb5 a6 4. Ba4 Nf6 5. 0-0 Nxe4 6. Re1 Nc5 7. Bxc6 dxc6 8. d4 Ne6 9. Nxe5 Be7 10. c3 0-0 11. Nd2 c5 12. Ndf3 cxd4 13. cxd4 c6 14. Be3 f6 15. Nd3 Nc7 16. Rc1 Nd5 17. Qb3 Rf7 18. Bd2 Bf8 19. Nc5 Rb8 20. Nxa6 Ra8 21. Nc5 Bg4 22. a4 Bxf3 23. Qxf3 Bxc5 24. dxc5 Rxa4 25. h3 Rd4 26. Red1 Re7 27. Be1 Qe8 28. Ba5 Rde4 29. b4 Re1+ 30. Kh2 Qb8+ 31. g3 R1e2 32. Kg2 R7e3 33. Qf5 Qxg3+ 34. Kf1 Rxf2+ 35. Qxf2 Qxh3+ 36. Qg2 Rf3+ 37. Kg1 Rg3 38. Rc2 Nf4 39. Rd8+ Kf7 40. Rd7+ Kg6 41. Rdd2 Rxg2+ 42. Rxg2+ Nxg2 43. Rxg2+ 1-0

[Event "ESP-ch Rapid"]
[Site "Linares"]
[Date "2023.08.19"]
[Round "9"]
[White "Cruz Lledo, Pablo"]
[Black "Diaz Castro, Ismael"]
[Result "1-0"]
[WhiteElo "2364"]
[BlackElo "2243"]
[PlyCount "99"]
[EventDate "2023.08.19"]
[EventType "swiss (rapid)"]
[EventRounds "10"]
[EventCountry "ESP"]
[SourceTitle "CBM 215 Extra"]
[Source "ChessBase"]
[SourceDate "2023.09.30"]
[SourceVersion "1"]
[SourceVersionDate "2023.09.30"]
[SourceQuality "1"]

1. d4 Nf6 2. Bf4 g6 3. e3 Bg7 4. h3 d6 5. Nf3 0-0 6. Nbd2 Nbd7 7. c3 b6 8. Be2 Bb7 9. 0-0 c5 10. Bh2 a6 11. a4 Ra7 12. Re1 Qa8 13. Bf1 Rc8 14. Qb3 h6 15. Rac1 Bd5 16. c4 Bxf3 17. Nxf3 Ne4 18. Bd3 Ndf6 19. Qc2 Rac7 20. d5 Ng5 21. Nd2 b5 22. e4 bxc4 23. Nxc4 Nd7 24. h4 Nh7 25. h5 Ne5 26. Nb6 Qb7 27. Nxc8 Qxc8 28. hxg6 fxg6 29. b3 g5 30. Qe2 a5 31. f3 Nf8 32. Ba6 Qb8 33. Bb5 Nfg6 34. g3 Qc8 35. Rf1 h5 36. f4 Ng4 37. fxg5 Bd4+ 38. Kh1 Be3 39. Rce1 Bxg5 40. Rf5 Be3 41. Ref1 N6e5 42. Rxh5 e6 43. Rxe5 Nxh2 44. Kxh2 dxe5 45. Qxe3 exd5 46. exd5 Rh7+ 47. Kg1 Qh3 48. Qg5+ Rg7 49. Qd8+ Kh7 50. Bd3+ 1-0

[Event "ESP-ch Rapid"]
[Site "Linares"]
[Date "2023.08.19"]
[Round "7"]
[White "Cruz Lledo, Pablo"]
[Black "Rey Martinez, Jaime"]
[Result "1-0"]
[WhiteElo "2364"]
[BlackElo "2331"]
[PlyCount "83"]
[EventDate "2023.08.19"]
[EventType "swiss (rapid)"]
[EventRounds "10"]
[EventCountry "ESP"]
[SourceTitle "CBM 215 Extra"]
[Source "ChessBase"]
[SourceDate "2023.09.30"]
[SourceVersion "1"]
[SourceVersionDate "2023.09.30"]
[SourceQuality "1"]

1. d4 d5 2. Bf4 e6 3. e3 c5 4. c3 Nf6 5. Nd2 Bd6 6. Bxd6 Qxd6 7. f4 Ne4 8. Ngf3 Nd7 9. Nxe4 dxe4 10. Nd2 f5 11. Bb5 cxd4 12. Nc4 Qd5 13. Qxd4 Qxd4 14. exd4 Ke7 15. Bxd7 Bxd7 16. Kd2 g5 17. fxg5 Rag8 18. h4 h6 19. Ne5 hxg5 20. hxg5 Be8 21. Ke3 Rxh1 22. Rxh1 Rxg5 23. Rh2 b5 24. Kf4 Rg7 25. g3 Kd6 26. Rh8 Bc6 27. b3 e3 28. Rh2 Be4 29. g4 Kd5 30. Kxe3 a6 31. c4+ Kd6 32. Kf4 bxc4 33. bxc4 Rb7 34. g5 Rb1 35. g6 Rf1+ 36. Kg5 Rg1+ 37. Kf6 f4 38. g7 f3 39. Rf2 Bh7 40. Kf7 Rb1 41. Rxf3 Rb7+ 42. Kf6 1-0

[Event "ESP-ch Rapid"]
[Site "Linares"]
[Date "2023.08.19"]
[Round "8"]
[White "Garrido Outon, Alex"]
[Black "Cruz Lledo, Pablo"]
[Result "1-0"]
[WhiteElo "2398"]
[BlackElo "2364"]
[PlyCount "101"]
[EventDate "2023.08.19"]
[EventType "swiss (rapid)"]
[EventRounds "10"]
[EventCountry "ESP"]
[SourceTitle "CBM 215 Extra"]
[Source "ChessBase"]
[SourceDate "2023.09.30"]
[SourceVersion "1"]
[SourceVersionDate "2023.09.30"]
[SourceQuality "1"]

1. e4 c6 2. Nc3 d5 3. Nf3 g6 4. d4 Bg4 5. h3 Bxf3 6. gxf3 Bg7 7. Be3 e6 8. Qd2 Nd7 9. Be2 h5 10. 0-0-0 Ne7 11. Kb1 b5 12. exd5 exd5 13. Bd3 Nf8 14. Ne2 Ne6 15. Rhg1 Qd6 16. c3 0-0-0 17. Nf4 Nc7 18. Qc2 Bh6 19. Qd2 Bf8 20. Bc2 Kb8 21. Rde1 Ka8 22. Nd3 Ne6 23. Nc5 Nxc5 24. dxc5 Qd7 25. Bg5 Rc8 26. Qf4 Ng8 27. Qd4 Rh7 28. a4 bxa4 29. Bxa4 Nh6 30. Bf4 Nf5 31. Qb4 Bh6 32. Bc2 Rhh8 33. Ka2 d4 34. Be5 Rhe8 35. cxd4 f6 36. Bd6 Nxd6 37. cxd6 Rxe1 38. Rxe1 Bf8 39. Bxg6 Bxd6 40. Qc4 Bc7 41. Re6 Bb6 42. Be4 Kb7 43. d5 cxd5 44. Bxd5+ Kb8 45. Qf4+ Qc7 46. Qxf6 Qc5 47. Qe5+ Bc7 48. Qe4 Qxf2 49. Qb4+ Bb6 50. Qd6+ Bc7 51. Qc6 1-0

[Event "ESP-ch Rapid"]
[Site "Linares"]
[Date "2023.08.19"]
[Round "6"]
[White "Martinez Fernandez, Adrian"]
[Black "Cruz Lledo, Pablo"]
[Result "1-0"]
[WhiteElo "2410"]
[BlackElo "2364"]
[PlyCount "118"]
[EventDate "2023.08.19"]
[EventType "swiss (rapid)"]
[EventRounds "10"]
[EventCountry "ESP"]
[SourceTitle "CBM 215 Extra"]
[Source "ChessBase"]
[SourceDate "2023.09.30"]
[SourceVersion "1"]
[SourceVersionDate "2023.09.30"]
[SourceQuality "1"]

1. e4 c6 2. d4 d5 3. Nc3 dxe4 4. Nxe4 Nf6 5. Nxf6+ exf6 6. c3 Bd6 7. Bd3 0-0 8. Ne2 Re8 9. 0-0 Be6 10. Bf4 Bxf4 11. Nxf4 Nd7 12. Nxe6 Rxe6 13. Bc4 Re7 14. Re1 Nb6 15. Bb3 Qd7 16. Rxe7 Qxe7 17. Qe1 Qd7 18. Qf1 Re8 19. Re1 g6 20. Re3 Rxe3 21. fxe3 f5 22. Qf4 Qe7 23. Kf2 Kg7 24. h4 h5 25. g3 Nc8 26. Bc2 Nd6 27. Bd3 f6 28. c4 g5 29. Qf3 Kg6 30. g4 hxg4 31. Qxg4 Ne4+ 32. Bxe4 fxe4 33. hxg5 fxg5 34. Ke2 Kf6 35. Qh5 Kf5 36. a3 a5 37. Qh3+ Kg6 38. Qg4 a4 39. Qh3 Qf7 40. c5 Qc4+ 41. Kf2 Qf7+ 42. Kg2 Qb3 43. Qg3 Qxb2+ 44. Kh3 Qb3 45. Kg2 Qe6 46. Kg1 Qf6 47. Qb8 Qf3 48. Qg8+ Kh5 49. Qh7+ Kg4 50. Qd7+ Kh4 51. Qh7+ Kg3 52. Qc7+ Kh4 53. Qh7+ Qh5 54. Qxe4+ Qg4+ 55. Qxg4+ Kxg4 56. e4 Kf4 57. e5 Kf5 58. Kg2 Ke6 59. Kf3 Kd5 1-0

[Event "ESP-chT CECLUB Div2"]
[Site "Linares"]
[Date "2023.08.16"]
[Round "5.3"]
[White "Domingo Nunez, Ruben"]
[Black "Cruz Lledo, Pablo"]
[Result "0-1"]
[WhiteElo "2420"]
[BlackElo "2364"]
[PlyCount "68"]
[EventDate "2023.08.13"]
[EventType "team-swiss"]
[EventRounds "7"]
[EventCountry "ESP"]
[SourceTitle "EXT 2024"]
[Source "ChessBase"]
[SourceDate "2023.10.10"]
[SourceVersion "1"]
[SourceVersionDate "2023.10.10"]
[SourceQuality "1"]
[WhiteTeam "Granada Aimpulsa"]
[BlackTeam "Manises Eva"]
[WhiteTeamCountry "ESP"]
[BlackTeamCountry "ESP"]

1. e4 c6 2. d4 d5 3. f3 e6 4. Nc3 Nd7 5. f4 dxe4 6. Nxe4 Ngf6 7. Bd3 c5 8. Nxc5 Nxc5 9. dxc5 Bxc5 10. Qe2 Qb6 11. Nf3 0-0 12. Ne5 Bd7 13. Nc4 Qc7 14. Bd2 Bb5 15. Rf1 Rfd8 16. a4 Ba6 17. g4 Rac8 18. g5 Nd5 19. Qe4 g6 20. Ne5 Nb4 21. Bxa6 Nxc2+ 22. Qxc2 Bf2+ 23. Rxf2 Qxc2 24. Bc3 Qb3 25. Bc4 Rxc4 26. Nxc4 Qxc4 27. Rf3 e5 28. Kf2 exf4 29. h4 h6 30. h5 Qc5+ 31. Kf1 Qxg5 32. hxg6 fxg6 33. Re1 Qg4 34. Kf2 Kf7 0-1

[Event "Viljandi Raud Memorial 57th"]
[Site "Viljandi"]
[Date "2023.07.06"]
[Round "6"]
[White "Cruz Lledo, Pablo"]
[Black "Valdats, Reinis"]
[Result "1-0"]
[WhiteElo "2380"]
[BlackElo "1860"]
[PlyCount "55"]
[EventDate "2023.07.02"]
[EventType "swiss"]
[EventRounds "9"]
[EventCountry "EST"]
[SourceTitle "CBM 215 Extra"]
[Source "ChessBase"]
[SourceDate "2023.09.30"]
[SourceVersion "1"]
[SourceVersionDate "2023.09.30"]
[SourceQuality "1"]

1. d4 Nf6 2. Bf4 e6 3. e3 d5 4. Nd2 c5 5. c3 Nc6 6. Bd3 Bd6 7. Bxd6 Qxd6 8. f4 b6 9. a3 Bb7 10. Ngf3 cxd4 11. cxd4 Rc8 12. 0-0 0-0 13. Ne5 Ne7 14. Qf3 h5 15. h3 g6 16. g4 hxg4 17. hxg4 Kg7 18. Rf2 Rh8 19. Raf1 Rh4 20. f5 exf5 21. gxf5 Rf8 22. Rg2 Ne4 23. Bxe4 dxe4 24. f6+ Kg8 25. Qg3 Rh7 26. Nxg6 Qxg3 27. Nxe7+ Kh8 28. Rxg3 1-0

[Event "Viljandi Raud Memorial 57th"]
[Site "Viljandi"]
[Date "2023.07.05"]
[Round "5"]
[White "Sadekov, Maksim"]
[Black "Cruz Lledo, Pablo"]
[Result "0-1"]
[WhiteElo "2036"]
[BlackElo "2380"]
[PlyCount "74"]
[EventDate "2023.07.02"]
[EventType "swiss"]
[EventRounds "9"]
[EventCountry "EST"]
[SourceTitle "CBM 215 Extra"]
[Source "ChessBase"]
[SourceDate "2023.09.30"]
[SourceVersion "1"]
[SourceVersionDate "2023.09.30"]
[SourceQuality "1"]

1. d4 d5 2. c4 dxc4 3. e3 e5 4. Bxc4 exd4 5. exd4 Bd6 6. Nf3 Nf6 7. 0-0 0-0 8. Bg5 Bg4 9. Nc3 h6 10. Bxf6 Qxf6 11. Nd5 Qd8 12. Ne3 Bh5 13. Be2 Nc6 14. d5 Ne7 15. Qb3 Ng6 16. Rfc1 Qf6 17. Nf1 Nf4 18. Bd1 Bg6 19. Ng3 h5 20. Ne2 Nd3 21. Rc3 Nc5 22. Qc4 Rfe8 23. Bc2 b5 24. Qxb5 Rab8 25. Qc4 Rxb2 26. Ned4 a5 27. Bxg6 Qxg6 28. Rcc1 Nd3 29. Rf1 Nf4 30. g3 Qg4 31. Qc3 Reb8 32. Kh1 Nxd5 33. Qd3 Nf6 34. Rae1 Rxa2 35. Nc6 Ra3 36. Qxa3 Bxa3 37. Nfe5 Qc8 0-1

[Event "Viljandi Raud Memorial 57th"]
[Site "Viljandi"]
[Date "2023.07.03"]
[Round "3"]
[White "Sinitsina, Anastassia"]
[Black "Cruz Lledo, Pablo"]
[Result "1/2-1/2"]
[WhiteElo "2207"]
[BlackElo "2380"]
[PlyCount "38"]
[EventDate "2023.07.02"]
[EventType "swiss"]
[EventRounds "9"]
[EventCountry "EST"]
[SourceTitle "CBM 215 Extra"]
[Source "ChessBase"]
[SourceDate "2023.09.30"]
[SourceVersion "1"]
[SourceVersionDate "2023.09.30"]
[SourceQuality "1"]

1. e4 c6 2. d4 d5 3. Nd2 dxe4 4. Nxe4 Nf6 5. Nxf6+ gxf6 6. c3 h5 7. Nf3 Bg4 8. h3 Bxf3 9. Qxf3 e6 10. Be2 Bd6 11. Bf4 Bxf4 12. Qxf4 Nd7 13. 0-0 h4 14. c4 Qb8 15. Qe3 Kf8 16. b4 Qd6 17. c5 Qe7 18. Bf3 Re8 19. Rfe1 f5 1/2-1/2

[Event "Titled Tuesday intern op 21st Feb Early"]
[Site "Chess.com INT"]
[Date "2023.02.21"]
[Round "2"]
[White "Cruz Lledo, Pablo"]
[Black "Piskov, Yury"]
[Result "0-1"]
[WhiteElo "2404"]
[BlackElo "2442"]
[PlyCount "142"]
[EventDate "2023.02.21"]
[EventType "swiss (blitz)"]
[EventRounds "11"]
[EventCountry "USA"]
[SourceTitle "CBM 212 Extra"]
[Source "ChessBase"]
[SourceDate "2023.03.31"]
[SourceVersion "1"]
[SourceVersionDate "2023.03.31"]
[SourceQuality "1"]

1. d4 Nf6 2. Nf3 d5 3. c4 c6 4. e3 g6 5. cxd5 cxd5 6. Ne5 Nc6 7. Nxc6 bxc6 8. Nd2 Bg7 9. Nb3 0-0 10. Bd2 Re8 11. Rc1 Bd7 12. Bc3 Ne4 13. Be2 e5 14. dxe5 Nxc3 15. bxc3 Bxe5 16. c4 Qg5 17. Bf3 Qe7 18. cxd5 cxd5 19. 0-0 Bb5 20. Re1 Rad8 21. Bxd5 a6 22. Qf3 Rd6 23. g3 Qd7 24. Nc5 Qf5 25. Qxf5 gxf5 26. e4 f4 27. a4 Bc6 28. Bxc6 Rxc6 29. Nd3 Rxc1 30. Rxc1 fxg3 31. hxg3 Bg7 32. Rc4 a5 33. Kg2 Rd8 34. Nf4 Bf8 35. Nd5 Kg7 36. Rc6 Rb8 37. Ra6 Bb4 38. Kf3 Be1 39. Ke2 Bb4 40. f4 h5 41. f5 Rc8 42. Nf4 Rc2+ 43. Kf3 Rc3+ 44. Kg2 Re3 45. Nxh5+ Kf8 46. Nf6 Be1 47. g4 Kg7 48. Nh5+ Kf8 49. f6 Kg8 50. Ra7 Rxe4 51. Rxa5 Bxa5 52. Kf3 Rxa4 53. Nf4 Kh7 54. Nd5 Ra3+ 55. Ke4 Kg6 56. Ne7+ Kxf6 57. Nc6 Ra4+ 58. Kf3 Bd2 59. Nb8 Ke6 60. Nc6 Bg5 61. Ke2 Ra2+ 62. Kd3 Rg2 63. Ke4 Rxg4+ 64. Kf3 Ra4 65. Kg3 Kd5 66. Nb8 Bf4+ 67. Kg4 Bxb8+ 68. Kf5 Re4 69. Kf6 Rf4+ 70. Kg7 Ke5 71. Kh8 f5 0-1

[Event "Titled Tuesday intern op 21st Feb Early"]
[Site "Chess.com INT"]
[Date "2023.02.21"]
[Round "4"]
[White "Cruz Lledo, Pablo"]
[Black "Simonian, Hrair"]
[Result "0-1"]
[WhiteElo "2404"]
[BlackElo "2431"]
[PlyCount "54"]
[EventDate "2023.02.21"]
[EventType "swiss (blitz)"]
[EventRounds "11"]
[EventCountry "USA"]
[SourceTitle "CBM 212 Extra"]
[Source "ChessBase"]
[SourceDate "2023.03.31"]
[SourceVersion "1"]
[SourceVersionDate "2023.03.31"]
[SourceQuality "1"]

1. g3 e5 2. Bg2 d5 3. b3 h5 4. h4 Nf6 5. Bb2 Nc6 6. Nf3 Bc5 7. e3 Bg4 8. d3 Qe7 9. Qd2 e4 10. Ng5 d4 11. Nxe4 Nxe4 12. Bxe4 dxe3 13. fxe3 0-0-0 14. 0-0 f5 15. Rxf5 Bxf5 16. Bxf5+ Kb8 17. d4 Qf6 18. Be4 Nxd4 19. Kg2 Rhf8 20. Nc3 Nf5 21. Qe2 Nxe3+ 22. Kh1 Nf1 23. Kg2 Qf2+ 24. Qxf2 Rxf2+ 25. Kg1 Nxg3 26. Na4 Be3 27. Bc1 Rd1# 0-1

[Event "Titled Tuesday intern op 14th Feb Early"]
[Site "Chess.com INT"]
[Date "2023.02.14"]
[Round "3"]
[White "Cruz Lledo, Pablo"]
[Black "Avinash, Ramesh"]
[Result "1/2-1/2"]
[WhiteElo "2404"]
[BlackElo "2319"]
[PlyCount "258"]
[EventDate "2023.02.14"]
[EventType "swiss (blitz)"]
[EventRounds "11"]
[EventCountry "USA"]
[SourceTitle "CBM 212 Extra"]
[Source "ChessBase"]
[SourceDate "2023.03.31"]
[SourceVersion "1"]
[SourceVersionDate "2023.03.31"]
[SourceQuality "1"]

1. d4 Nf6 2. c4 g6 3. Nf3 Bg7 4. Nc3 0-0 5. g3 d6 6. Bg2 Nc6 7. 0-0 e5 8. d5 Ne7 9. e4 Ne8 10. Ne1 f5 11. Nd3 Nf6 12. b4 a5 13. Ba3 axb4 14. Bxb4 fxe4 15. Nxe4 Nxe4 16. Bxe4 b6 17. a4 Bf5 18. f3 Qd7 19. a5 bxa5 20. Rxa5 Bh3 21. Rf2 Nf5 22. Rfa2 Rxa5 23. Bxa5 Bh6 24. Bd2 Bxd2 25. Qxd2 Nd4 26. Ne1 Qg4 27. Qe3 Kg7 28. c5 h5 29. cxd6 Qd7 30. Qg5 Qxd6 31. Rf2 Qf6 32. Qc1 Qb6 33. Qb2 Rb8 34. Qxb6 Rxb6 35. Rd2 Ra6 36. Kf2 g5 37. Nd3 Kf6 38. f4 exf4 39. gxf4 Ra1 40. Ne1 Nb5 41. fxg5+ Kxg5 42. Bg2 Bf5 43. Nf3+ Kf6 44. Nd4 Nd6 45. h3 Bxh3 46. Bxh3 Ne4+ 47. Ke3 Nxd2 48. Kxd2 Ke5 49. Nc2 Rh1 50. Be6 Rh2+ 51. Kd3 c6 52. Ne3 cxd5 53. Bxd5 Rh3 54. Bg2 Rg3 55. Ke2 Kf4 56. Nd5+ Kg5 57. Ne3 h4 58. Kf2 Kf4 59. Nd5+ Ke5 60. Ne3 Rg8 61. Bf3 Rb8 62. Ng2 Rb2+ 63. Kg1 h3 64. Ne3 Kf4 65. Nd1 Rd2 66. Bh5 Kg3 67. Ne3 Kh4 68. Bf3 Ra2 69. Nf1 Kg5 70. Be4 Kf4 71. Bh1 Kg4 72. Bd5 Kh4 73. Bxa2 Kg4 74. Bd5 Kh4 75. Bh1 Kg4 76. Kh2 Kh4 77. Ng3 Kg4 78. Bd5 Kh4 79. Be6 Kg5 80. Kxh3 Kf4 81. Bg4 Ke3 82. Kh4 Kf4 83. Nh5+ Ke5 84. Kg3 Ke4 85. Bf3+ Ke3 86. Nf4 Kd4 87. Kf2 Kc3 88. Ke3 Kc4 89. Be4 Kc3 90. Bd5 Kc2 91. Ne2 Kb2 92. Kd3 Ka1 93. Kc3 Kb1 94. Be4+ Ka1 95. Bc2 Ka2 96. Nd4 Ka1 97. Nc6 Ka2 98. Nb4+ Ka1 99. Nd3 Ka2 100. Bb3+ Ka1 101. Bd1 Ka2 102. Kc2 Ka1 103. Nc5 Ka2 104. Nb3 Ka3 105. Kc3 Ka2 106. Bc2 Ka3 107. Bb1 Ka4 108. Kc4 Ka3 109. Kc3 Ka4 110. Nd4 Ka3 111. Nb5+ Ka4 112. Kc4 Ka5 113. Kc5 Ka4 114. Bc2+ Ka5 115. Bb3 Ka6 116. Kc6 Ka5 117. Kc5 Ka6 118. Nd6 Ka5 119. Nc4+ Ka6 120. Kc6 Ka7 121. Ba4 Ka6 122. Bb5+ Ka7 123. Kc7 Ka8 124. Bc6+ Ka7 125. Be8 Ka6 126. Bc6 Ka7 127. Bb5 Ka8 128. Na5 Ka7 129. Kc8 Kb6 1/2-1/2

[Event "Titled Tuesday intern op 11th Oct Early"]
[Site "Chess.com INT"]
[Date "2022.10.11"]
[Round "4"]
[White "Gabrielian, Artur"]
[Black "Cruz Lledo, Pablo"]
[Result "1-0"]
[WhiteElo "2460"]
[BlackElo "2404"]
[PlyCount "43"]
[EventDate "2022.10.11"]
[EventType "swiss (blitz)"]
[EventRounds "11"]
[EventCountry "USA"]
[SourceTitle "EXT 2024"]
[Source "ChessBase"]
[SourceDate "2023.10.10"]
[SourceVersion "1"]
[SourceVersionDate "2023.10.10"]
[SourceQuality "1"]

1. e4 d5 2. exd5 Qxd5 3. Nc3 Qd6 4. d4 a6 5. Nf3 Nf6 6. g3 Nc6 7. d5 Ne5 8. Bf4 Nxf3+ 9. Qxf3 Qb6 10. Rb1 Bg4 11. Qd3 e6 12. Bg2 0-0-0 13. 0-0 Bd6 14. Be3 Qa5 15. b4 Bxb4 16. Rxb4 Qxb4 17. Rb1 Qa5 18. d6 Rxd6 19. Bxb7+ Kd7 20. Qc4 Nd5 21. Nxd5 exd5 22. Qxg4+ 1-0